000 00557nam a2200145Ia 4500
008 140724s9999 xx 000 0 und d
050 _aPN 4700
_b.P739 2010
100 _aPoblete, Don Ronillo.
245 _aRole of advocacy advertisements in creating a positive image of politicians to the first time voters of Las Piñas City /
_cDon Ronillo Poblete.
260 _aLas Piñas, Philippines :
_bSouthville International School and Colleges,
_cc2010.
300 _a30 p. :
_bill. ;
_c28 cm.
521 _aMass Communication
942 _cTH
999 _c228877
_d228877